Wag the Dog (Record no. 67435)
[ view plain ]
| 000 -LEADER | |
|---|---|
| fixed length control field | 01606nam a2200241Ii 4500 |
| 008 - FIXED-LENGTH DATA ELEMENTS--GENERAL INFORMATION | |
| fixed length control field | 221202s xx 000 0 und d |
| 100 1# - MAIN ENTRY--PERSONAL NAME | |
| Personal name | Thanouli, Eleftheria, |
| Relator term | author |
| 245 #0 - TITLE STATEMENT | |
| Title | Wag the Dog |
| 246 ## - VARYING FORM OF TITLE | |
| Title proper/short title | A Study on Film and Reality in the Digital Age |
| 264 ## - PRODUCTION, PUBLICATION, DISTRIBUTION, MANUFACTURE, AND COPYRIGHT NOTICE | |
| Name of producer, publisher, distributor, manufacturer | Bloomsbury Academic |
| Date of production, publication, distribution, manufacture, or copyright notice | 2013 |
| 300 ## - PHYSICAL DESCRIPTION | |
| Extent | 1 online resource |
| 336 ## - CONTENT TYPE | |
| Content type term | text |
| Content type code | txt |
| Source | rdacontent |
| 337 ## - MEDIA TYPE | |
| Media type term | computer |
| Media type code | c |
| Source | rdamedia |
| 338 ## - CARRIER TYPE | |
| Carrier type term | online resource |
| Carrier type code | cr |
| Source | rdacarrier |
| 520 ## - SUMMARY, ETC. | |
| Summary, etc. | Wag the Dog became a media event and a cultural icon because it inadvertently short-circuited the distance that is supposed to separate reality and fiction. The examination of the historical and social context in which it was produced, exhibited and received worldwide enables the author to illuminate a series of changes in the way a fiction film reflects and interacts with reality, urging us to reconsider some of our central and long-standing concepts or even paradigms in film theory. Eleftheria Thanouli provides new insights into a series of issues from both classical and contemporary film theory, such as the conceptual and ontological stakes in the use of digital technology, the impact of mass media on public memory and the political role of cinema in a globalized and conglomerated world. |
| 653 ## - INDEX TERM--UNCONTROLLED | |
| Uncontrolled term | Brean |
| 653 ## - INDEX TERM--UNCONTROLLED | |
| Uncontrolled term | Cinema Of The United States |
| 653 ## - INDEX TERM--UNCONTROLLED | |
| Uncontrolled term | Diegesis |
| 653 ## - INDEX TERM--UNCONTROLLED | |
| Uncontrolled term | Media & Communications |
| 653 ## - INDEX TERM--UNCONTROLLED | |
| Uncontrolled term | Media & Communications |
| 856 ## - ELECTRONIC LOCATION AND ACCESS | |
| Uniform Resource Identifier | <a href="https://library.oapen.org/bitstream/20.500.12657/29691/1/1000254.pdfhttp://library.oapen.org/handle/20.500.12657/29691">https://library.oapen.org/bitstream/20.500.12657/29691/1/1000254.pdfhttp://library.oapen.org/handle/20.500.12657/29691</a> |
| 942 ## - ADDED ENTRY ELEMENTS (KOHA) | |
| Koha item type | E-Book |
| Withdrawn status | Damaged status | Not for loan | Home library | Current library | Date acquired | Total Checkouts | Date last seen | Price effective from | Koha item type |
|---|---|---|---|---|---|---|---|---|---|
| Directory of Open Access Books | Directory of Open Access Books | 11/28/2022 | 11/28/2022 | 11/28/2022 | E-Book |